Marvel Cinematic Universe Movies by Runtime - Statistics

General Stats
  • This quiz has been taken 152 times
    54 since last reset
  • The average score is 17 of 33
Answer Stats
Year Runtime Movie % Correct
2019 3 hr 1 min Avengers: Endgame
85%
2008 1 hr 52 min The Incredible Hulk
78%
2008 2 hr 6 min Iron Man
72%
2023 1 hr 45 min The Marvels
70%
2011 2 hr 4 min Captain America: The First Avenger
67%
2011 1 hr 54 min Thor
67%
2018 2 hr 29 min Avengers: Infinity War
65%
2013 1 hr 52 min Thor: The Dark World
61%
2010 2 hr 5 min Iron Man 2
59%
2012 2 hr 23 min The Avengers
59%
2016 1 hr 55 min Doctor Strange
57%
2013 2 hr 10 min Iron Man 3
57%
2015 1 hr 57 min Ant-Man
52%
2015 2 hr 21 min Avengers: Age of Ultron
52%
2019 2 hr 4 min Captain Marvel
52%
2014 2 hr 2 min Guardians of the Galaxy
52%
2019 2 hr 9 min Spider-Man: Far From Home
50%
2018 1 hr 58 min Ant-Man and the Wasp
46%
2016 2 hr 27 min Captain America: Civil War
46%
2014 2 hr 16 min Captain America: The Winter Soldier
46%
2023 2 hr 30 min Guardians of the Galaxy Vol. 3
43%
2022 1 hr 59 min Thor: Love and Thunder
43%
2023 2 hr 4 min Ant-Man and the Wasp: Quantumania
41%
2021 2 hr 36 min Eternals
41%
2017 2 hr 13 min Spider-Man: Homecoming
41%
2021 2 hr 28 min Spider-Man: No Way Home
41%
2018 2 hr 14 min Black Panther
39%
2022 2 hr 41 min Black Panther: Wakanda Forever
39%
2022 2 hr 6 min Doctor Strange in the Multiverse of Madness
39%
2021 2 hr 14 min Black Widow
37%
2017 2 hr 10 min Thor: Ragnarok
37%
2017 2 hr 16 min Guardians of the Galaxy Vol. 2
35%
2021 2 hr 12 min Shang-Chi and the Legend of the Ten Rings
35%
No matching quizzes found
Score Distribution
Percent of People with Each Score
Percentile by Number Answered
Your Score History
You have not taken this quiz since the last reset